Before Adam. With numerous illustrations by Charles Livingstone Bull

Sábháilte in:
Sonraí bibleagrafaíochta
Príomhchruthaitheoir: London, Jack (autor)
Formáid: LEABHAR
Teanga:Béarla
Foilsithe / Cruthaithe: Nueva York Grosset & Dunlap 1912
Eagrán:3a. ed
Ábhair:
Clibeanna: Cuir clib leis
Níl clibeanna ann, Bí ar an gcéad duine le clib a chur leis an taifead seo!

MARC

LEADER 00000nam a2200000 a 4500
001 UCJ6297
003 CL-VaPUC
008 070124e19120815US |||||||||||||||||eng|d
082 0 4 |a 813  |b LON  |2 21 
100 |a London, Jack  |e autor  |9 342822 
245 1 0 |a Before Adam. With numerous illustrations by Charles Livingstone Bull 
250 |a 3a. ed 
300 |a 242 p 
942 |c BK 
945 |d 20070124 00:00:00  |a rinostro 
260 |a Nueva York  |b Grosset & Dunlap  |c 1912 
650 7 |a NOVELA ESTADOUNIDENSE  |2 CL-VaPUC  |9 266286 
650 0 |a Ilustraciones  |9 369481 
583 |a last modification  |c 20070124 00:00:00  |k Rodrigo Vera 
999 |c 322405  |d 322403 
952 |0 0  |1 0  |4 0  |6 813_000000000000000_LON_1912  |7 0  |8 X  |9 401390  |a FDOBUD  |b FDOBUD  |d 2019-11-22  |i 1046411  |o 813 LON 1912  |p 1046411  |r 2019-11-22  |w 2019-11-22  |y BK_X  |k BUD